[Event "GER-chT U20 Girls"]
[Site "Pori"]
[Date "2004.12.27"]
[Round "1.1"]
[White "Krings, Wencke"]
[Black "Janotta, Steffi"]
[Result "0-1"]
[WhiteElo "1303"]
[BlackElo "1903"]
[PlyCount "76"]
[EventDate "2004.12.27"]
[EventType "team"]
[EventRounds "7"]
[EventCountry "GER"]
[SourceTitle "EXT 2006"]
[Source "ChessBase"]
[SourceDate "2005.11.24"]
[SourceVersion "1"]
[SourceVersionDate "2005.11.24"]
[SourceQuality "1"]

1. e4 d6 2. Nc3 Nf6 3. Nf3 g6 4. Bc4 Bg7 5. 0-0 0-0 6. Re1 Nbd7 7. d4 e5 8. d5 h6 9. h3 Nh7 10. Qe2 f5 11. exf5 gxf5 12. Nh2 Nb6 13. Bb3 Qe8 14. Bd2 Qg6 15. Qf3 Ng5 16. Bxg5 hxg5 17. Nb5 Rf7 18. Rad1 a6 19. Nc3 Nd7 20. Bc4 b5 21. Be2 Nf6 22. g3 b4 23. Nb1 e4 24. Qe3 f4 25. Qb3 Bxh3 26. Bc4 e3 27. Kh1 exf2 28. Re6 Bxe6 29. dxe6 Qe4+ 30. Qf3 Re7 31. Qxe4 Nxe4 32. gxf4 gxf4 33. Nd2 Ng5 34. Kg2 Nxe6 35. Kxf2 Kf8 36. Bxe6 Rxe6 37. Kf3 Rae8 38. Kxf4 Be5+ 0-1